Religion Quiz

Random Religion or Lyrics Quiz

Clicky-oke: Be Thou Exalted Quiz Stats

 Plays Quiz not verified by Sporcle

Support Sporcle.
Go Orange.
Score 0/16 Timer 04:00
0 Plays Today
% Correct
ever
73.3%
Amen
73.3%
earth
72%
praise
65.3%
hearts
65.3%
King
62.7%
salvation
61.3%
seraphs
60%
% Correct
co-equal
60%
majestic
58.7%
ancient
56%
anthems
56%
Spirit
56%
harp
49.3%
homage
48%
Highest
45.3%

You're not logged in!

Compare scores with friends on all Sporcle quizzes.
OR
Log In

From the Vault

1990s Movies A-Z II

by ghcgh

'What' ain't no country I ever heard of. They have 90s movies in 'What?'
Remove Ads.
Support Sporcle.
Get the best of Sporcle when you Go Orange. This ad-free experience offers more features, more stats, and more fun while also helping to support Sporcle. Thank you for becoming a member.

Show Comments

Extras

Top Quizzes Today


Score Distribution

Your Account Isn't Verified!

In order to create a playlist on Sporcle, you need to verify the email address you used during registration. Go to your Sporcle Settings to finish the process.

Report this User

Report this user for behavior that violates our Community Guidelines.

Details: